| 000 | 00513nam a2200181Ia 4500 | ||
|---|---|---|---|
| 003 | GCL | ||
| 008 | 140319s9999 xx 000 0 ara d | ||
| 040 |
_aGCL / _cGCL |
||
| 082 | 0 | 4 |
_a791.43 _bم ف |
| 100 | 1 | _aمدكور ثابت | |
| 245 | 1 | 0 |
_aالفنان السينمائى / _cمدكور ثابت |
| 300 | _a278 ص | ||
| 490 |
_aسلسلة مكتبة الاسرة _v0 |
||
| 650 | 0 | 4 | _aالافلام السينمائية |
| 650 | 0 | 4 | _aالسينما |
| 650 | 0 | 4 | _aالسينمائيون |
| 942 |
_2ddc _cBK |
||
| 999 |
_c50205 _d50205 |
||